| 000 | nam a22 7a 4500 | ||
|---|---|---|---|
| 999 |
_c149944 _d149942 |
||
| 005 | 20190801091228.0 | ||
| 008 | 190801b fr ||||| |||| 00| 0 fre d | ||
| 050 | 0 | 4 |
_aDF285 _bM67 1971 |
| 100 | 1 | _aMossé, Claude | |
| 245 | 1 | 0 |
_aHistoire d'une démocratie: Athènes : _bDes origines à la conquête macédonienne / _cClaude Mossé |
| 250 | _a1a edición | ||
| 260 |
_aParis : _bÉditions du Seuil, _c1971 |
||
| 300 |
_a188 p. : _bil. ; _c18 cm. |
||
| 651 | 4 |
_aGrecia _xCivilización -- Hasta 146 a.C. |
|
| 651 | 4 |
_aGrecia _xHistoria -- Vida social y costumbres |
|
| 942 |
_2lcc _cLIB |
||